El gato negro y otros cuentos /
Guardado en:
| Hovedforfatter: | |
|---|---|
| Format: | Bog |
| Sprog: | spansk |
| Udgivet: |
Bogotá, Colombia :
Alcaldía Mayor de Bogotá, Instituto Distrital de Cultura y Turismo,
2004, c2004
|
| Serier: | (Libro al Viento ;
7) |
| Fag: | |
| Tags: |
Ingen Tags, Vær først til at tagge denne postø!
|
MARC
| LEADER | 00000nam^a2200000^a^4500 | ||
|---|---|---|---|
| 001 | 000410966 | ||
| 005 | 20250521000000.0 | ||
| 009 | 20260310122101.085 | ||
| 020 | |a 958-8232-17-1 | ||
| 037 | |a Acervo ITESO - Biblioteca | ||
| 041 | |a ESP | ||
| 082 | |a 808. 8 |b LIB V. 7 | ||
| 100 | |a Poe, Edgar Allan |e (autor) | ||
| 240 | 1 | 1 | |a [Narraciones extraordinarias] |
| 240 | 1 | 4 | |a [El gato negro] |
| 240 | 1 | 4 | |a [La caída de la casa Usher] |
| 245 | 1 | 3 | |a El gato negro y otros cuentos / |c E.A. Poe ; tr. por Javier Escobar Isaza. |
| 264 | 4 | |a Bogotá, Colombia : |b Alcaldía Mayor de Bogotá, Instituto Distrital de Cultura y Turismo, |c 2004, c2004 | |
| 300 | |a 110 p. | ||
| 336 | |a texto |b txt |2 rdacontenido | ||
| 337 | |a sin mediación |b n |2 rdamedio | ||
| 338 | |a volumen |b nc |2 rdasoporte | ||
| 440 | 1 | |a (Libro al Viento ; |v 7) | |
| 545 | 0 | |a Edgar Allan Poe (1809-1849), cuentista, poeta, crítico y editor norteamericano, es uno de los padres del relato corto en su país y fundador de las literaturas de terror psicológico, precursor de los relatos fantásticos, policíacos, fantásticos y de misterio; renovador de la novela gótica. Entre sus narraciones cortas más importantes se cuentan La caída de la casa Usher, William Wilson, El corazón delator, El gato negro, Un descenso al Maelström, Los crímenes de la calle Morgue y La carta robada. Su obra poética tuvo una gran acogida entre los escritores franceses contemporáneos a él, los simbolistas; en esta línea, El cuervo, es uno de sus poemas más valorados. Aunque en la actualidad su obra en conjunto es considerada genial, en su época fue duramente criticada. Sus textos de crítica literaria siguen teniendo vigencia. | |
| 585 | |a Exposición DIA 2022-02 / Miradas a una espiral creciente: por los caminos de la novela gráfica | ||
| 649 | |a XX | ||
| 650 | |a Cuentos Norteamericanos | ||
| 650 | |a Literatura Norteamericana - |y Siglo XIX | ||
| 650 | |a Literatura Policíaca y de Misterio - |z EUA | ||
| 910 | |a Fondo General | ||
| 920 | |a Impresos - Libros | ||
| 930 | |a Colección General | ||
| 940 | |a Literatura | ||
| 905 | |a 101 | ||
| 901 | |a 0500319439 |b IT1 |c LIT |i D106449 |u 20250521 | ||
| 902 | |a https://opac.biblio.iteso.mx/vufind/Record/000410966 | ||